000 01168nam a2200193 a 4500
008 180925s2018 xx |||||||||||||| || u
050 _aLG 469.K5 Cop
100 _aThe Copperbelt University
245 1 0 _aSchool of Mines & Mineral Sciences: school handbook 2018-2022 academic period
_cBy The Copperbelt University, School of Mines & Mineral Sciences
260 _a
_bThe Copperbelt University
_c2018
300 _a360 pages
650 _aACADEMIC REGULATIONS
650 _aDEGREE PROGRAMS 2018-2022 ACADEMIC PERIOD
710 _aThe Copperbelt University, School of Mines & Mineral Sciences
995 _aSPECIAL COLLECTIONS
_e748720
_FCBU-MAIN LIBRARY (Kitwe)
_jZAM LG 469.K5 Cop
_M3
_UAVAILABLE
_WJan 18, 2021
_y748720
_ZZambiana Collection
995 _aSPECIAL COLLECTIONS
_e748719
_FCBU-MAIN LIBRARY (Kitwe)
_jZAM LG 469.K5 Cop
_M2
_UAVAILABLE
_WJan 18, 2021
_y748719
_ZZambiana Collection
995 _aREFERENCE BOOKS
_e748718
_FCBU-MAIN LIBRARY (Kitwe)
_jLG 469.K5 Cop
_M1
_UAVAILABLE
_WJun 17, 2019
_y748718
_ZReference Collection
995 _aSPECIAL COLLECTIONS
_e748721
_FCBU-MAIN LIBRARY (Kitwe)
_jZAM LG 469.K5 Cop
_M4
_UAVAILABLE
_WJan 18, 2021
_y748721
_ZZambiana Collection
999 _c80344
_d80344